00450nam a2200157Ia 4500003000500000008004100005020001800046040001900064082000700083100002400090245008200114246003500196260003900231300000800270546001400278STCL181203s9999 xx 000 0 und d a9789382934646 aSTCLbENcSTCL 222 aArshad Bathery, Ed. 0aമലയാളത്തിന്‍റെ പ്രഭാഷണങ്ങൾ  aMalayalathinte Prabhashanangal bOlive PublicatonsaKozhikodec2014 a161 aMalayalam